<?xml version="1.0" encoding="UTF-8"?>
<collection xmlns="http://www.loc.gov/MARC21/slim">
 <record>
  <leader>01277nam a2200325 a 4500</leader>
  <controlfield tag="001">3434</controlfield>
  <controlfield tag="003">BD-DhAAL</controlfield>
  <controlfield tag="005">20150526095931.0</controlfield>
  <controlfield tag="008">150526s1992    nyua   j      000 0 eng  </controlfield>
  <datafield tag="010" ind1=" " ind2=" ">
   <subfield code="a">   92008601 </subfield>
  </datafield>
  <datafield tag="020" ind1=" " ind2=" ">
   <subfield code="a">0689716443 :</subfield>
   <subfield code="c">$7.95</subfield>
  </datafield>
  <datafield tag="040" ind1=" " ind2=" ">
   <subfield code="a">DLC</subfield>
   <subfield code="c">DLC</subfield>
   <subfield code="d">DLC</subfield>
   <subfield code="d">BD-DhAAL</subfield>
  </datafield>
  <datafield tag="050" ind1="0" ind2="0">
   <subfield code="a">QL676.2</subfield>
   <subfield code="b">.R69 1992</subfield>
  </datafield>
  <datafield tag="082" ind1="0" ind2="0">
   <subfield code="a">598</subfield>
   <subfield code="2">20</subfield>
  </datafield>
  <datafield tag="100" ind1="1" ind2=" ">
   <subfield code="a">Royston, Angela,</subfield>
   <subfield code="d">1945-</subfield>
   <subfield code="9">11426</subfield>
  </datafield>
  <datafield tag="245" ind1="1" ind2="0">
   <subfield code="a">Birds /</subfield>
   <subfield code="c">written by Angela Royston ; photography by Dave King ; illustrations by Jane Cradock-Watson and Dave Hopkins.</subfield>
  </datafield>
  <datafield tag="260" ind1=" " ind2=" ">
   <subfield code="a">New York :</subfield>
   <subfield code="b">Aladdin Books,</subfield>
   <subfield code="c">1992.</subfield>
  </datafield>
  <datafield tag="300" ind1=" " ind2=" ">
   <subfield code="a">21 p. :</subfield>
   <subfield code="b">col. ill. ;</subfield>
   <subfield code="c">23 cm.</subfield>
  </datafield>
  <datafield tag="490" ind1=" " ind2=" ">
   <subfield code="a">Eye openers</subfield>
  </datafield>
  <datafield tag="500" ind1=" " ind2=" ">
   <subfield code="a">&quot;A Dorling Kindersley book.&quot;</subfield>
  </datafield>
  <datafield tag="520" ind1=" " ind2=" ">
   <subfield code="a">Brief text and photographs introduce the sparrow, duck, eagle, parrot, kiwi, flamingo, hummingbird, and owl.</subfield>
  </datafield>
  <datafield tag="541" ind1=" " ind2=" ">
   <subfield code="e">3434</subfield>
  </datafield>
  <datafield tag="650" ind1=" " ind2="0">
   <subfield code="a">Birds</subfield>
   <subfield code="v">Juvenile literature.</subfield>
   <subfield code="9">11427</subfield>
  </datafield>
  <datafield tag="650" ind1=" " ind2="1">
   <subfield code="a">Birds.</subfield>
   <subfield code="9">11428</subfield>
  </datafield>
  <datafield tag="700" ind1="1" ind2=" ">
   <subfield code="a">King, Dave</subfield>
   <subfield code="c">(Photographer),</subfield>
   <subfield code="e">ill.</subfield>
   <subfield code="9">11429</subfield>
  </datafield>
  <datafield tag="700" ind1="2" ind2=" ">
   <subfield code="a">Cradock-Watson, Jane,</subfield>
   <subfield code="e">ill.</subfield>
   <subfield code="9">11430</subfield>
  </datafield>
  <datafield tag="700" ind1="1" ind2=" ">
   <subfield code="a">Hopkins, Dave,</subfield>
   <subfield code="e">ill.</subfield>
   <subfield code="9">11431</subfield>
  </datafield>
  <datafield tag="942" ind1=" " ind2=" ">
   <subfield code="2">ddc</subfield>
   <subfield code="c">BK</subfield>
  </datafield>
  <datafield tag="999" ind1=" " ind2=" ">
   <subfield code="c">34521</subfield>
   <subfield code="d">34521</subfield>
  </datafield>
  <datafield tag="952" ind1=" " ind2=" ">
   <subfield code="0">0</subfield>
   <subfield code="1">0</subfield>
   <subfield code="2">ddc</subfield>
   <subfield code="4">0</subfield>
   <subfield code="6">598_000000000000000_ROY</subfield>
   <subfield code="7">0</subfield>
   <subfield code="9">53888</subfield>
   <subfield code="a">SCL</subfield>
   <subfield code="b">SCL</subfield>
   <subfield code="c">GEN</subfield>
   <subfield code="d">2015-05-26</subfield>
   <subfield code="e">Gift: The Asia Foundation</subfield>
   <subfield code="l">2</subfield>
   <subfield code="o">598 ROY</subfield>
   <subfield code="p">3020003434</subfield>
   <subfield code="r">2020-02-04</subfield>
   <subfield code="s">2020-01-30</subfield>
   <subfield code="t">1</subfield>
   <subfield code="w">2015-05-26</subfield>
   <subfield code="y">BK</subfield>
  </datafield>
 </record>
</collection>
